000 00576nam a2200193 i 4500
001 146417
003 ES-MaACL
005 20250629063129.0
007 t|
008 070910s1971 sp ||||1| spa d
080 _a618.2(02)
100 1 _aTovar, Antonio,
_d1911-1985
_9111167
245 1 3 _aEl telar de Penélope
_b: (1967-1968) /
_cAntonio Tovar.
260 _aMadrid :
_bAlfaguara,
_c[1971]
300 _a411 p. ;
_c21 cm.
650 4 _aLiteratura española-
_xHistoria y crítica
_914560
852 _aES-MaACL
_jC-39380
_bR.76510
999 _c146417
_d146417